[Event "N4B1 Castres - Rodez"]
[Site "?"]
[Date "2003.10.12"]
[Round "1.1"]
[White "Scandella, Thierry"]
[Black "Tanguy, Fabien"]
[Result "1-0"]
[WhiteElo "2040"]
[BlackElo "2086"]
[EventDate "2003.??.??"]
[PlyCount "97"]

1.d4 d5 2.g3 Nf6 3.Bg2 Bf5 4.Nf3 e6 5.O-O Bd6 6.c4 c6 7.Qb3 Qc8 8.Nc3 Nbd7
9.Nd2 Be7 10.e4 dxc4 11.Nxc4 Bg6 12.Bf4 O-O 13.Nd6 Bxd6 14.Bxd6 Rd8 15.Bf4
Nb6 16.Rfd1 Rd7 17.Bg5 h6 18.Bxf6 gxf6 19.a4 Qd8 20.a5 Nc8 21.d5 Qe7 22.a6
Bh5 23.Re1 e5 24.Bh3 Rc7 25.Qa3 Qxa3 26.Rxa3 b5 27.dxc6 Rxc6 28.Nd5 Kg7 
29.Ra5 Nd6 30.Bd7 Rc2 31.b4 Bf3 32.Bxb5 Bxe4 33.Bf1 Rd8 34.Ne3 Rb2 35.b5 
Ba8 36.Rd1 Bf3 37.Rxd6 Rxd6 38.Nf5+ Kg6 39.Nxd6 Rb1 40.Nc4 Bd5 41.Ne3 Bf3 
42.g4 h5 43.h3 hxg4 44.hxg4 Kg5 45.Kh2 Rb2 46.Kg3 e4 47.b6+ f5 48.Rxf5+ 
Kg6 49.bxa7 1-0

[Event "N4B1 Cahors - Tournefeuille 2"]
[Site "?"]
[Date "2003.10.12"]
[Round "1.8"]
[White "Taravaud, Evelyne"]
[Black "Joanez-Benedicto, Virginie"]
[Result "0-1"]
[WhiteElo "1580"]
[BlackElo "1540"]
[EventDate "2003.??.??"]
[PlyCount "108"]

1.Nf3 Nf6 2.b3 e6 3.Bb2 Be7 4.e3 b6 5.d3 d6 6.Be2 e5 7.Nbd2 Bg4 8.c4 Nbd7 
9.h3 Bh5 10.Nh4 Bxe2 11.Qxe2 d5 12.Nf5 Bf8 13.O-O g6 14.Ng3 Bd6 15.cxd5 
Nxd5 16.Nc4 Qh4 17.Nxd6+ cxd6 18.Ne4 Qe7 19.f4 f6 20.Rac1 exf4 21.Rc6 O-O 
22.Bd4 fxe3 23.Rxd6 f5 24.Rxd5 fxe4 25.Rxf8+ Rxf8 26.Qxe3 Re8 27.dxe4 Qe6 
28.b4 Qxd5 29.exd5 Rxe3 30.Bxe3 Kf7 31.Bf4 Nf6 32.d6 Ke6 33.Kf2 Nd5 34.Bh2
Nxb4 35.a3 Nc2 36.a4 Nd4 37.Ke3 Nf5+ 38.Ke4 Nxd6+ 39.Bxd6 Kxd6 40.Kd4 a6 
41.g3 Kc6 42.Kc4 b5+ 43.axb5+ axb5+ 44.Kb4 Kb6 45.g4 h6 46.Kb3 Kc5 47.h4 
Kd4 48.Kb4 Ke4 49.g5 hxg5 50.hxg5 Kf5 51.Kxb5 Kxg5 52.Kc4 Kf4 53.Kd3 Kf3 
54.Kd2 Kf2 0-1

[Event "N4B1 Cahors - Tournefeuille 2"]
[Site "?"]
[Date "2003.10.12"]
[Round "1.7"]
[White "Materre, Dominique"]
[Black "Egea, Claude"]
[Result "0-1"]
[WhiteElo "1650"]
[BlackElo "1660"]
[EventDate "2003.??.??"]
[PlyCount "88"]

1.d4 Nf6 2.Nf3 d5 3.c4 c6 4.Nc3 e6 5.Bg5 Nbd7 6.e3 Be7 7.cxd5 exd5 8.Bd3 
O-O 9.O-O Re8 10.Rc1 b6 11.a3 Bb7 12.b4 a5 13.Bxf6 Nxf6 14.Na2 axb4 15.
Nxb4 c5 16.Nc2 c4 17.Be2 Bxa3 18.Nxa3 Rxa3 19.Nd2 b5 20.Nb1 Ra1 21.Nc3 
Rxc1 22.Qxc1 Qa5 23.Qb2 Bc6 24.Ra1 Qb6 25.Bd1 Rb8 26.Rb1 b4 27.Ba4 b3 28.
Bxc6 Qxc6 29.Qa3 h6 30.f3 Ra8 31.Qc1 Ra5 32.Qd2 Qa8 33.Rb2 Nd7 34.e4 Nb6 
35.exd5 Nxd5 36.Nxd5 Qxd5 37.Qc3 Ra1+ 38.Kf2 Qa5 39.Qe3 Ra2 40.Qe8+ Kh7 
41.Qe4+ g6 42.Rxa2 bxa2 43.Qe7 Qd2+ 44.Kg3 Qg5+ 0-1

[Event "N4B1 Cahors - Tournefeuille 2"]
[Site "?"]
[Date "2003.10.12"]
[Round "1.6"]
[White "Perin, Gilles"]
[Black "Daval, Christophe"]
[Result "1/2-1/2"]
[WhiteElo "1790"]
[BlackElo "1710"]
[EventDate "2003.??.??"]
[PlyCount "49"]

1.e4 e5 2.Nc3 Nf6 3.f4 d6 4.Nf3 exf4 5.d4 Nh5 6.Bc4 Be7 7.O-O Be6 8.d5 Bd7
9.Nd4 Bf6 10.Ne6 Bxe6 11.dxe6 g6 12.exf7+ Kf8 13.Nd5 Be5 14.Bxf4 Nxf4 15.
Nxf4 Bxf4 16.Rxf4 Nc6 17.Qd2 Qg5 18.Raf1 Qc5+ 19.Kh1 Qxc4 20.Rf6 Kg7 21.
Qf4 Rhf8 22.Rxg6+ hxg6 23.Qf6+ Kh6 24.Qh4+ Kg7 25.Qf6+ 1/2-1/2

[Event "N4B1 Cahors - Tournefeuille 2"]
[Site "?"]
[Date "2003.10.12"]
[Round "1.5"]
[White "Chartier, Gilles"]
[Black "Grenier, Billy"]
[Result "0-1"]
[WhiteElo "1730"]
[BlackElo "1860"]
[EventDate "2003.??.??"]
[PlyCount "82"]

1.d4 Nf6 2.Nc3 d5 3.e4 e6 4.Bg5 Be7 5.e5 Nfd7 6.h4 a6 7.Qg4 Kf8 8.Nf3 c5 
9.dxc5 Nc6 10.Qf4 Nxc5 11.h5 h6 12.Bxe7+ Qxe7 13.Nh4 Ke8 14.Rh3 Nb4 15.
O-O-O Bd7 16.Rg3 Qf8 17.Kb1 Na4 18.Rd4 Nxc3+ 19.Rxc3 Nc6 20.Rd1 Rc8 21.a3 
Ne7 22.Rxc8+ Bxc8 23.Nf3 g5 24.hxg6 fxg6 25.Qxf8+ Rxf8 26.Rd2 Nc6 27.Bd3 
g5 28.Re2 Bd7 29.c3 Rf4 30.Bg6+ Ke7 31.Bh5 Be8 32.Bxe8 Kxe8 33.Ne1 Re4 34.
Rxe4 dxe4 35.f3 exf3 36.Nxf3 g4 37.Nd4 Kf7 38.Nxc6 bxc6 39.c4 Kg6 40.b4 
Kf5 41.a4 Kxe5 0-1

[Event "N4B1 Cahors - Tournefeuille 2"]
[Site "?"]
[Date "2003.10.12"]
[Round "1.4"]
[White "Devos, Hervé"]
[Black "Canivet, Christophe"]
[Result "0-1"]
[WhiteElo "1760"]
[BlackElo "1780"]
[EventDate "2003.??.??"]
[PlyCount "71"]

1.e4 e5 2.Nf3 Bc5 3.Nc3 Nc6 4.Bc4 Nf6 5.d3 O-O 6.Bg5 Be7 7.O-O d6 8.h3 Na5
9.Bb3 c6 10.Qe2 Nxb3 11.axb3 Nd5 12.Bxe7 Nxc3 13.bxc3 Qxe7 14.Rfe1 f5 15.
exf5 Bxf5 16.Qe3 Qf6 17.Nd2 b6 18.Ne4 Bxe4 19.dxe4 Rf7 20.f3 Raf8 21.Red1 
Qh4 22.Rxd6 Rxf3 23.Qe1 Rf1+ 24.Qxf1 Rxf1+ 25.Rxf1 h6 26.Rxc6 Qxe4 27.Rc8+
Kh7 28.Kh1 Qxc2 29.c4 e4 30.Rc7 e3 31.Rff7 e2 32.Rxg7+ Kh8 33.Rge7 Qd1+ 
34.Kh2 Qd6+ 35.g3 Qxc7 36.Rxe2 0-1

[Event "N4B1 Cahors - Tournefeuille 2"]
[Site "?"]
[Date "2003.10.12"]
[Round "1.3"]
[White "Van Steenbergen, Alain"]
[Black "Alonso, Jesus"]
[Result "1-0"]
[WhiteElo "1800"]
[BlackElo "1880"]
[EventDate "2003.??.??"]
[PlyCount "73"]

1.e4 e6 2.d4 d5 3.Nc3 Bb4 4.e5 c5 5.a3 cxd4 6.Qxd4 Nc6 7.Bb5 Bxc3+ 8.Qxc3 
Bd7 9.Bxc6 Bxc6 10.Qg3 g6 11.Nf3 Bb5 12.Nd4 Ba6 13.Bd2 Ne7 14.Bb4 Nc6 15.
Nxc6 bxc6 16.Qc3 Qb6 17.Qc5 Qxc5 18.Bxc5 Rb8 19.b4 Bc4 20.Bxa7 Rb7 21.Bc5 
Kd7 22.f4 Rg8 23.h4 h6 24.a4 g5 25.fxg5 hxg5 26.h5 g4 27.h6 Rh8 28.a5 Ba6 
29.Ra3 Rbb8 30.h7 d4 31.Rg3 f5 32.exf6 e5 33.f7 d3 34.cxd3 e4 35.dxe4 Bc4 
36.f8=Q Rbxf8 37.Bxf8 1-0

[Event "N4B1 Cahors - Tournefeuille 2"]
[Site "?"]
[Date "2003.10.12"]
[Round "1.2"]
[White "Josserand, Pascal"]
[Black "Thamier, Stephan"]
[Result "0-1"]
[WhiteElo "1880"]
[BlackElo "1870"]
[EventDate "2003.??.??"]
[PlyCount "146"]

1.e4 e5 2.Nf3 Nc6 3.Bc4 Be7 4.d4 exd4 5.Nxd4 d6 6.Nc3 Nf6 7.O-O O-O 8.Nxc6
bxc6 9.f3 Be6 10.Bb3 h6 11.Qe2 Qc8 12.Rd1 Rd8 13.Be3 d5 14.Qf2 a6 15.exd5 
cxd5 16.Na4 Qb7 17.Nc5 Bxc5 18.Bxc5 c6 19.Qg3 a5 20.Ba4 Rdc8 21.Bd4 Qe7 
22.Re1 Nh5 23.Qe5 Nf6 24.Qg3 Nh5 25.Qh3 Qb4 26.c3 Qxd4+ 27.cxd4 Bxh3 28.
gxh3 Nf4 29.Rac1 Nd3 30.Kf1 Nxe1 31.Kxe1 Ra6 32.Rc5 Kf8 33.Bb3 Re8+ 34.Kd2
Re6 35.Ba4 Ke7 36.a3 Kd6 37.Rc2 Rg6 38.Ke3 Rg1 39.Kd3 Rb6 40.h4 Rb1 41.b3 
Ra1 42.Rg2 g6 43.h5 g5 44.Re2 Rxa3 45.Re8 Rbxb3+ 46.Bxb3 Rxb3+ 47.Kc2 Rxf3
48.Rh8 Rf2+ 49.Kb3 Rxh2 50.Rxh6+ Kd7 51.Rf6 Rxh5 52.Rxf7+ Ke6 53.Rc7 Kd6 
54.Rg7 Rh4 55.Rg6+ Kc7 56.Kc3 Rh3+ 57.Kb2 Rd3 58.Rxg5 Rxd4 59.Kb3 Kb6 60.
Rg8 Kc5 61.Ra8 a4+ 62.Ka3 Rb4 63.Rd8 Kc4 64.Rh8 c5 65.Rh1 d4 66.Rc1+ Kb5 
67.Ka2 Rb3 68.Ka1 d3 69.Ka2 Kb4 70.Re1 c4 71.Re4 d2 72.Re8 d1=Q 73.Rb8+ 
Kc3 0-1

[Event "N4B1 Cahors - Tournefeuille 2"]
[Site "?"]
[Date "2003.10.12"]
[Round "1.1"]
[White "Nivat, Alain"]
[Black "Tarayre, Pascal"]
[Result "0-1"]
[WhiteElo "2070"]
[BlackElo "1884"]
[EventDate "2003.??.??"]
[PlyCount "50"]

1.e4 c5 2.d4 cxd4 3.c3 d5 4.cxd4 dxe4 5.Nc3 Nf6 6.f3 e3 7.Bxe3 e6 8.Bd3 
Be7 9.Nge2 O-O 10.O-O Nbd7 11.Qc2 Nb6 12.Bg5 g6 13.Bh6 Re8 14.Rac1 Nfd5 
15.Qd2 Bd7 16.f4 Bc6 17.Ng3 Bf6 18.f5 Bxd4+ 19.Kh1 exf5 20.Nxd5 Nxd5 21.
Nxf5 gxf5 22.Rxf5 Be3 23.Qe2 Bxh6 24.Qh5 Bxc1 25.Qxf7+ Kh8 0-1

[Event "N4A1 Colomiers - Condom 2"]
[Site "Colomiers"]
[Date "2003.10.12"]
[Round "1.8"]
[White "Calatrava, Julian"]
[Black "Blesing, Alicia"]
[Result "1-0"]
[WhiteElo "1690"]
[BlackElo "1540"]
[EventDate "2003.??.??"]
[PlyCount "55"]

1.e4 e5 2.Nf3 Nc6 3.Bb5 d6 4.d4 Bd7 5.Bxc6 Bxc6 6.d5 Bd7 7.c4 f5 8.exf5 
Bxf5 9.O-O Qf6 10.Nc3 a6 11.Re1 Be7 12.Ne4 Qg6 13.Nfg5 Bxg5 14.Bxg5 h6 15.
Bh4 Bg4 16.Re3 Kf7 17.Qb3 b6 18.c5 Bf5 19.Nd2 dxc5 20.Rxe5 Re8 21.Rxe8 
Kxe8 22.Re1+ Kd7 23.Nc4 Kc8 24.d6 Be6 25.Nxb6+ cxb6 26.Qxb6 Qf7 27.Rxe6 
Nf6 28.d7+ 1-0

[Event "N4A1 Colomiers - Condom 2"]
[Site "Colomiers"]
[Date "2003.10.12"]
[Round "1.7"]
[White "Amblard, Philippe"]
[Black "Vitrou, Jonathan"]
[Result "0-1"]
[WhiteElo "1499"]
[BlackElo "1870"]
[EventDate "2003.??.??"]
[PlyCount "30"]

1.e4 e5 2.Nf3 Nf6 3.Nxe5 d6 4.Nf3 Nxe4 5.Qe2 Qe7 6.d3 Nf6 7.Nc3 Nc6 8.Bg5 
Be6 9.O-O-O O-O-O 10.a3 h6 11.Bxf6 Qxf6 12.g3 d5 13.Nb1 Bg4 14.Bg2 Nd4 15.
Nbd2 Nxe2+ 0-1

[Event "N4A1 Colomiers - Condom 2"]
[Site "Colomiers"]
[Date "2003.10.12"]
[Round "1.6"]
[White "Rauzières, Guy"]
[Black "Artis, Paul"]
[Result "1/2-1/2"]
[WhiteElo "1840"]
[BlackElo "1570"]
[EventDate "2003.??.??"]
[PlyCount "68"]

1.Nf3 d5 2.c4 e6 3.cxd5 exd5 4.Nc3 Nf6 5.d4 c6 6.Bg5 Be7 7.e3 Nbd7 8.Bd3 
O-O 9.h4 Re8 10.Qc2 Nf8 11.Ne5 Ng4 12.O-O-O f6 13.Nxg4 Bxg4 14.f3 Bh5 15.
Bf4 Bd6 16.g4 Bg6 17.g5 Bxf4 18.exf4 Bxd3 19.Qxd3 Ng6 20.Ne2 Qd6 21.Qd2 
fxg5 22.fxg5 Rf8 23.Rdf1 Nf4 24.Nxf4 Rxf4 25.Rf2 Raf8 26.Qe3 Qg6 27.Rg1 
Rxh4 28.f4 Qf5 29.Rgf1 Rh3 30.Rf3 Rh2 31.R1f2 Rh1+ 32.Rf1 Rh2 33.R3f2 Rh3 
34.Rf3 Rh2 1/2-1/2

[Event "N4A1 Colomiers - Condom 2"]
[Site "Colomiers"]
[Date "2003.10.12"]
[Round "1.5"]
[White "Moiseyev, Vlas"]
[Black "Pagnoncelli, Hervé"]
[Result "1-0"]
[WhiteElo "1499"]
[BlackElo "1870"]
[EventDate "2003.??.??"]
[PlyCount "111"]

1.e4 c5 2.Nf3 Nc6 3.d4 cxd4 4.Nxd4 Nf6 5.Nc3 e5 6.Nb3 Bb4 7.Bd3 d5 8.exd5 
Nxd5 9.Bd2 Bxc3 10.bxc3 Be6 11.O-O O-O 12.Nc5 Bc8 13.Rb1 Qe7 14.Ne4 Kh8 
15.Ng5 Nf6 16.Re1 Bg4 17.f3 Bh5 18.Qe2 Rac8 19.Qf2 h6 20.Qh4 Kg8 21.Ne4 
Nxe4 22.Qxe7 Nxe7 23.Rxe4 Nc6 24.Rxb7 Rfd8 25.Re3 f5 26.Bxf5 Rb8 27.Rxb8 
Rxb8 28.Bd7 Na5 29.Be6+ Bf7 30.Bxf7+ Kxf7 31.Rxe5 Nc4 32.Rd5 Rb2 33.Rd4 
Ne5 34.a4 Rxc2 35.Kf2 Nc6 36.Rf4+ Ke6 37.Ke3 Ne5 38.Rd4 Nc6 39.Rg4 Ne7 40.
Kd3 Ra2 41.h4 Nf5 42.h5 Ra1 43.Rg6+ Kf7 44.Ra6 Ng3 45.Rxa7+ Kf6 46.a5 Nxh5
47.c4 Ke6 48.g4 Ra3+ 49.Kd4 Ng3 50.Rxg7 Rxf3 51.a6 h5 52.a7 Ra3 53.Bb4 Ra2
54.Re7+ Kf6 55.Re3 Ne2+ 56.Rxe2 1-0

[Event "N4A1 Colomiers - Condom 2"]
[Site "Colomiers"]
[Date "2003.10.12"]
[Round "1.4"]
[White "Beaurain, Louis"]
[Black "Artis, François"]
[Result "0-1"]
[WhiteElo "1920"]
[BlackElo "1680"]
[EventDate "2003.??.??"]
[PlyCount "82"]

1.d4 d5 2.Nf3 Nf6 3.Bf4 Bf5 4.e3 h6 5.c4 e6 6.Qb3 Qc8 7.Nc3 c6 8.cxd5 exd5
9.Rc1 Be7 10.Nxd5 Nxd5 11.Qxd5 cxd5 12.Rxc8+ Bxc8 13.Bd3 Bb4+ 14.Ke2 Bg4 
15.Rc1 Nc6 16.a3 Be7 17.b4 a6 18.h3 Bxf3+ 19.Kxf3 O-O 20.Bf5 Bg5 21.Bxg5 
hxg5 22.Kg4 Rad8 23.Kxg5 Rd6 24.Kg4 Ne7 25.Rc7 Nxf5 26.Kxf5 b5 27.Ke5 Rfd8
28.Kf4 Rf6+ 29.Kg3 Rdd6 30.Rc5 Kf8 31.f4 Rg6+ 32.Kf3 Rgf6 33.h4 Rh6 34.Kg4
Rdg6+ 35.Kf3 Rd6 36.g4 Rhe6 37.Rc8+ Re8 38.Rc3 Rde6 39.Rc5 Rxe3+ 40.Kg2 
Rxa3 41.Rxd5 Re2+ 0-1

[Event "N4A1 Colomiers - Condom 2"]
[Site "Colomiers"]
[Date "2003.10.12"]
[Round "1.3"]
[White "Blesing, René"]
[Black "Baumann, Benjamin"]
[Result "0-1"]
[WhiteElo "1790"]
[BlackElo "1960"]
[EventDate "2003.??.??"]
[PlyCount "96"]

1.e4 d5 2.exd5 Nf6 3.d4 Bg4 4.Be2 Bxe2 5.Qxe2 Qxd5 6.Nf3 e6 7.Bf4 Bd6 8.
Bxd6 cxd6 9.Nc3 Qa5 10.Qb5+ Qxb5 11.Nxb5 Kd7 12.O-O Nc6 13.Rad1 a6 14.Nc3 
d5 15.Rfe1 Rhd8 16.Ne5+ Nxe5 17.dxe5 Ne8 18.Na4 Kc6 19.Re3 Rac8 20.Rb3 b5 
21.Rc3+ Kb7 22.Nc5+ Kb6 23.b4 a5 24.a3 axb4 25.axb4 Ra8 26.g3 g6 27.Rf3 
Ra7 28.Rd4 Ng7 29.Rdf4 Nf5 30.h4 h5 31.c3 d4 32.Rd3 Ra3 33.cxd4 Rxd3 34.
Nxd3 Rxd4 35.Rxd4 Nxd4 36.f4 Kc6 37.Kf2 Kd5 38.Ke3 Nf5+ 39.Kf3 Kc4 40.Nf2 
Kxb4 41.Ne4 Ka3 42.Ke2 b4 43.Kd2 Ka2 44.Kc1 b3 45.Nc3+ Ka1 46.Nd1 Nxg3 47.
Kd2 b2 48.Nxb2 Kxb2 0-1

[Event "N4A1 Colomiers - Condom 2"]
[Site "Colomiers"]
[Date "2003.10.12"]
[Round "1.2"]
[White "Woloszyn, Florent"]
[Black "Hantisse, Alain"]
[Result "1/2-1/2"]
[WhiteElo "1960"]
[BlackElo "1870"]
[EventDate "2003.??.??"]
[PlyCount "107"]

1.d4 Nf6 2.Nf3 g6 3.Bg5 Bg7 4.Nbd2 O-O 5.e4 d6 6.Bc4 Bg4 7.h3 Bxf3 8.Qxf3 
Nc6 9.c3 e5 10.d5 Nb8 11.O-O a6 12.Rfd1 Nbd7 13.b4 h6 14.Bh4 b6 15.Nf1 Qe8
16.g4 Nh7 17.Ne3 Bf6 18.Bxf6 Ndxf6 19.Qg2 Qe7 20.f3 Ne8 21.Qf1 a5 22.Rd2 
Qg5 23.Qf2 axb4 24.cxb4 Ra3 25.Bb3 Ng7 26.h4 Qe7 27.Rc1 Kh8 28.Rdc2 Ra7 
29.Ng2 f5 30.Qe3 fxg4 31.fxg4 g5 32.h5 Nf6 33.Rf2 Raa8 34.Bd1 Qd7 35.Rfc2 
Rf7 36.Qd3 Raf8 37.Ne3 Nfe8 38.Nf5 Nxf5 39.exf5 Nf6 40.Bf3 Ra8 41.Qe2 Ra3 
42.Rc6 Kg7 43.Kg2 Rf8 44.Qc4 Ra7 45.Rc2 Rf7 46.Qe2 Re7 47.Be4 Re8 48.Kf3 
Ra3+ 49.R2c3 Rxc3+ 50.Rxc3 Ra8 51.Qc2 Ra7 52.Rc6 Qd8 53.a4 Ne8 54.Qc3 
1/2-1/2

[Event "N4A1 Colomiers - Condom 2"]
[Site "Colomiers"]
[Date "2003.10.12"]
[Round "1.1"]
[White "Cance, Jérémie"]
[Black "Vandervorst, Jean-Marc"]
[Result "1-0"]
[WhiteElo "1910"]
[BlackElo "2133"]
[EventDate "2003.??.??"]
[PlyCount "63"]

1.e4 g6 2.d4 Bg7 3.Nf3 d6 4.Bc4 Nd7 5.Bxf7+ Kxf7 6.Ng5+ Ke8 7.Ne6 Ngf6 8.
Nxd8 Kxd8 9.f3 b6 10.O-O e5 11.Nc3 exd4 12.Qxd4 Bb7 13.Nd5 c5 14.Qd1 Nxd5 
15.exd5 Re8 16.Rb1 Bd4+ 17.Kh1 Ba6 18.Re1 Kc7 19.Bf4 Bf2 20.Re6 Nf8 21.
Bxd6+ Kd7 22.Bxf8 Rxf8 23.Qd2 Bd4 24.c3 Bg7 25.Rbe1 Rf7 26.Qg5 Bf8 27.Rf6 
Re7 28.Qg4+ Ke8 29.Qa4+ b5 30.Rxe7+ Bxe7 31.Qxa6 Bxf6 32.Qc6+ 1-0

[Event "N4A1 CEIT III - Muret"]
[Site "?"]
[Date "2003.10.12"]
[Round "1.6"]
[White "Partinico, Jeremy"]
[Black "Malart, Jacques"]
[Result "1-0"]
[WhiteElo "1750"]
[BlackElo "1520"]
[EventDate "2003.??.??"]
[PlyCount "81"]

1.e4 e5 2.Nf3 Nc6 3.Bc4 Bc5 4.c3 Nf6 5.d4 exd4 6.cxd4 Bb4+ 7.Bd2 Qe7 8.e5 
d5 9.Be2 Ne4 10.O-O O-O 11.a3 Bxd2 12.Nbxd2 Bg4 13.h3 Nxd2 14.Qxd2 Bh5 15.
Rac1 f6 16.Rfe1 fxe5 17.Nxe5 Bxe2 18.Rxe2 Nxe5 19.Rxe5 Qf7 20.Qe3 Rae8 21.
Rxc7 Rxe5 22.Rxf7 Rxe3 23.Rxf8+ Kxf8 24.fxe3 Kf7 25.Kf2 Kf6 26.Kf3 h5 27.
g4 h4 28.a4 g5 29.b4 a6 30.e4 Ke6 31.Ke3 b5 32.a5 Kd6 33.exd5 Kxd5 34.Kd3 
Kd6 35.Ke4 Ke6 36.d5+ Kd6 37.Kd4 Kd7 38.Ke5 Ke7 39.Kf5 Kd6 40.Kxg5 Kxd5 
41.Kf6 1-0

[Event "N4A1 CEIT III - Muret"]
[Site "?"]
[Date "2003.10.12"]
[Round "1.4"]
[White "Luneau, Gilles"]
[Black "Lafforgue, Jean-Michel"]
[Result "0-1"]
[WhiteElo "1991"]
[BlackElo "1740"]
[EventDate "2003.??.??"]
[PlyCount "134"]

1.c4 c6 2.Nf3 Nf6 3.Nc3 g6 4.b3 Bg7 5.Bb2 O-O 6.e3 d5 7.d4 Qa5 8.Be2 Ne4 
9.Qc1 Nd7 10.O-O Ndf6 11.Ne1 Bh6 12.Bf3 Be6 13.Nxe4 dxe4 14.Be2 Rac8 15.g3
Bh3 16.Ng2 Qg5 17.Re1 Bxg2 18.Kxg2 Qf5 19.Qd1 Rfd8 20.Qc2 Ng4 21.Bxg4 Qxg4
22.Qe2 Qe6 23.Rad1 f5 24.Bc1 Bg7 25.Bb2 Qf6 26.Ba1 Qf7 27.f3 Qe6 28.fxe4 
Qxe4+ 29.Qf3 Qc2+ 30.Qe2 Qxe2+ 31.Rxe2 Rd6 32.Red2 Bh6 33.Rd3 Rcd8 34.Bb2 
c5 35.d5 Bg7 36.Bxg7 Kxg7 37.Kf3 Kf6 38.e4 e5 39.Ke3 Kg5 40.Kf3 Rf8 41.
exf5 gxf5 42.Kg2 h5 43.Re3 Re8 44.Rde1 e4 45.Rf1 b5 46.h3 bxc4 47.bxc4 Ra6
48.Rf2 Ra4 49.Rc2 f4 50.gxf4+ Kxf4 51.Kf2 h4 52.Rb3 e3+ 53.Ke2 Ra6 54.Rb5 
Rg6 55.Kf1 Ke4 56.Rg2 Rf8+ 57.Kg1 Rxg2+ 58.Kxg2 Rf2+ 59.Kg1 Kf3 60.Rb1 Rd2
61.Kf1 Rh2 62.Kg1 Rd2 63.Kf1 Ke4 64.a4 Rc2 65.Rd1 e2+ 66.Ke1 exd1=Q+ 67.
Kxd1 Rxc4 0-1

[Event "N4A1 Auch - Tarbes"]
[Site "?"]
[Date "2003.10.12"]
[Round "1.8"]
[White "Bildstein, Gérard"]
[Black "Frederico, Michel"]
[Result "1/2-1/2"]
[WhiteElo "1590"]
[BlackElo "1699"]
[EventDate "2003.??.??"]
[PlyCount "61"]

1.d4 Nf6 2.Nc3 d5 3.e4 Nxe4 4.Nxe4 dxe4 5.f3 Bf5 6.c3 h6 7.fxe4 Bxe4 8.Nf3
Nd7 9.Bd3 Bc6 10.O-O e6 11.Bf4 Bd6 12.Bxd6 cxd6 13.Qe1 Nf6 14.Rd1 O-O 15.
Qg3 Be4 16.Bxe4 Nxe4 17.Qf4 Nf6 18.Nd2 e5 19.dxe5 dxe5 20.Qxe5 Qb6+ 21.Kh1
Rfe8 22.Qg3 Rad8 23.Nc4 Rxd1 24.Rxd1 Ne4 25.Nxb6 Nxg3+ 26.hxg3 axb6 27.Rd2
Kf8 28.Kg1 Ra8 29.a3 Re8 30.Rd7 Re7 31.Rxe7 1/2-1/2

[Event "N4A1 Auch - Tarbes"]
[Site "?"]
[Date "2003.10.12"]
[Round "1.7"]
[White "Join, Etienne"]
[Black "Lehman, Denis"]
[Result "1-0"]
[WhiteElo "1720"]
[BlackElo "1650"]
[EventDate "2003.??.??"]
[PlyCount "83"]

1.e4 c5 2.Nc3 g6 3.Nf3 Bg7 4.Bc4 d6 5.O-O Nf6 6.d3 O-O 7.Bg5 Nc6 8.Re1 a6 
9.a4 Bg4 10.h3 Be6 11.e5 dxe5 12.Bxe6 fxe6 13.Nxe5 Nd4 14.Nf3 Nxf3+ 15.
gxf3 Qb6 16.Qe2 Rae8 17.Qxe6+ Qxe6 18.Rxe6 h6 19.Bd2 g5 20.Rae1 Rf7 21.b3 
Nh5 22.Nd5 Ref8 23.Nxe7+ Kh7 24.Ng6 Rd8 25.Kg2 Rd5 26.h4 Rdf5 27.hxg5 hxg5
28.R1e2 Bd4 29.f4 gxf4 30.Ne5 Bxe5 31.R2xe5 f3+ 32.Kh3 Nf4+ 33.Bxf4 Rxf4 
34.Re7 Rf6 35.Rxf7+ Rxf7 36.Rxc5 Re7 37.Kg3 Rf7 38.Kg4 Kg6 39.Rg5+ Kh6 40.
Rf5 Rc7 41.c4 Rd7 42.Rxf3 1-0

[Event "N4A1 Auch - Tarbes"]
[Site "?"]
[Date "2003.10.12"]
[Round "1.6"]
[White "Carassus, Jean-Louis"]
[Black "Rouède, Gilbert"]
[Result "0-1"]
[WhiteElo "1670"]
[BlackElo "1890"]
[EventDate "2003.??.??"]
[PlyCount "72"]

1.d4 d5 2.Bf4 Nf6 3.Nc3 Bf5 4.Nf3 e6 5.a3 h6 6.e3 Be7 7.Bd3 Bxd3 8.Qxd3 
O-O 9.O-O c5 10.dxc5 Bxc5 11.Nb5 Nc6 12.Rad1 a6 13.Nbd4 Re8 14.Nxc6 bxc6 
15.b4 Bf8 16.Qc3 Rc8 17.Be5 Ne4 18.Qd3 c5 19.c4 cxb4 20.cxd5 exd5 21.axb4 
Bxb4 22.Qxa6 Bc3 23.Bd4 Re6 24.Qd3 Bxd4 25.Qxd4 Nc3 26.Rd2 Qa5 27.Kh1 Rc4 
28.Qd3 Ra4 29.Rc2 Ra1 30.Rxa1 Qxa1+ 31.Ng1 Rc6 32.f3 Nd1 33.h3 Rxc2 34.
Qxc2 Nxe3 35.Qd2 d4 36.Kh2 Nf1+ 0-1

[Event "N4A1 Auch - Tarbes"]
[Site "?"]
[Date "2003.10.12"]
[Round "1.5"]
[White "Golic, Nadil"]
[Black "Martinez, Benito"]
[Result "1-0"]
[WhiteElo "1900"]
[BlackElo "1760"]
[EventDate "2003.??.??"]
[PlyCount "67"]

1.d4 d5 2.c4 e6 3.Nc3 Nf6 4.Nf3 Bb4 5.Qc2 b6 6.Qa4+ Nc6 7.Qxc6+ Bd7 8.Qb7 
a5 9.Ne5 Rb8 10.Nc6 Rxb7 11.Nxd8 Kxd8 12.cxd5 Nxd5 13.Bd2 Re8 14.e4 Bxc3 
15.bxc3 Ne7 16.Bd3 Ng6 17.O-O Ke7 18.f4 f5 19.exf5 exf5 20.c4 Ra7 21.Rab1 
Kd6 22.Rf3 Raa8 23.d5 Reb8 24.Rh3 Nf8 25.Bc3 Ng6 26.Rxh7 Nxf4 27.Bf1 g6 
28.g3 Nh5 29.Be2 Be8 30.Re1 Rc8 31.Bd4 Rab8 32.Bxh5 Bd7 33.Bxg6 Rg8 34.Bf7
1-0

[Event "N4A1 Auch - Tarbes"]
[Site "?"]
[Date "2003.10.12"]
[Round "1.4"]
[White "Phalippou, Philippe"]
[Black "Stamenoff, Ivan"]
[Result "0-1"]
[WhiteElo "1870"]
[BlackElo "2009"]
[EventDate "2003.??.??"]
[PlyCount "58"]

1.e4 c5 2.d4 cxd4 3.Nf3 Nc6 4.Nxd4 e6 5.Nb5 d6 6.Bf4 e5 7.Be3 Nf6 8.N1c3 
a6 9.Na3 Be6 10.Bd3 d5 11.exd5 Nxd5 12.Bc4 Nxc3 13.Qxd8+ Rxd8 14.Bxe6 fxe6
15.Nc4 Nd5 16.Bd2 Bc5 17.Rf1 Rf8 18.c3 b5 19.Ne3 Nxe3 20.Bxe3 Bxe3 21.fxe3
Rxf1+ 22.Kxf1 Rd2 23.Rb1 e4 24.a4 Ne5 25.axb5 axb5 26.Ra1 Rxb2 27.Ra8+ Ke7
28.Ra7+ Kf6 29.Rb7 Nc4 0-1

[Event "N4A1 Auch - Tarbes"]
[Site "?"]
[Date "2003.10.12"]
[Round "1.3"]
[White "Pokee, Anne-Josèphe"]
[Black "Delage, Laurent"]
[Result "1-0"]
[WhiteElo "1940"]
[BlackElo "1870"]
[EventDate "2003.??.??"]
[PlyCount "65"]

1.e4 c5 2.Nf3 d6 3.c3 Nf6 4.Be2 g6 5.O-O Bg7 6.d3 O-O 7.Bd2 Nc6 8.Qc1 c4 
9.Bh6 cxd3 10.Bxd3 Bg4 11.Bxg7 Kxg7 12.Nbd2 Rc8 13.a3 h5 14.h3 Bd7 15.Rd1 
Rc7 16.Nc4 Qc8 17.Qg5 Bxh3 18.gxh3 Qxh3 19.Qg2 Qe6 20.Ng5 Qc8 21.e5 dxe5 
22.Nxf7 e4 23.Nce5 Nxe5 24.Nxe5 Qf5 25.Qxg6+ Qxg6+ 26.Nxg6 exd3 27.Nxf8 
Kxf8 28.Rxd3 Rc5 29.Rf3 Kg7 30.Re1 e5 31.Rf5 Ng4 32.f3 Nf6 33.Rfxe5 1-0

[Event "N4A1 Auch - Tarbes"]
[Site "?"]
[Date "2003.10.12"]
[Round "1.2"]
[White "Langlois, Jérôme"]
[Black "Mesples, Jean-Marc"]
[Result "0-1"]
[WhiteElo "1890"]
[BlackElo "2090"]
[EventDate "2003.??.??"]
[PlyCount "86"]

1.e4 e5 2.Nf3 Nc6 3.d4 exd4 4.Nxd4 Nge7 5.Nc3 Nxd4 6.Qxd4 Nc6 7.Qd1 Bc5 8.
Bd3 d6 9.O-O Be6 10.Re1 Qf6 11.Be3 Bxe3 12.Rxe3 O-O-O 13.a3 Ne5 14.f3 g5 
15.Nd5 Bxd5 16.exd5 h5 17.c3 g4 18.Be4 Qf4 19.Re1 gxf3 20.Bxf3 Rdg8 21.Rf1
Qe3+ 22.Kh1 Kb8 23.Qe2 Qg5 24.Rae1 f5 25.b3 f4 26.a4 a6 27.Qd1 Ng4 28.Qd4 
Ne3 29.Rf2 h4 30.h3 Rh7 31.Qd2 Rhg7 32.a5 Qf5 33.Kh2 Rg5 34.Bg4 Nxg4+ 35.
hxg4 Rxg4 36.Ref1 Qg5 37.Kh3 Qf5 38.Kh2 Qe5 39.Kh1 h3 40.gxh3 Qe4+ 41.Kh2 
Rg3 42.Qxf4 Rg2+ 43.Kh1 Rg1+ 0-1

[Event "N4A1 Auch - Tarbes"]
[Site "?"]
[Date "2003.10.12"]
[Round "1.1"]
[White "Levieux, Pascal"]
[Black "Rich, Philippe"]
[Result "1/2-1/2"]
[WhiteElo "2059"]
[BlackElo "1950"]
[EventDate "2003.??.??"]
[PlyCount "105"]

1.e4 c5 2.Nc3 a6 3.a4 e6 4.g3 d5 5.exd5 exd5 6.Bg2 Nf6 7.d4 cxd4 8.Nce2 
Bb4+ 9.Bd2 Qe7 10.Nf3 d3 11.cxd3 Bf5 12.O-O Bxd2 13.Qxd2 O-O 14.Ned4 Bg6 
15.Rac1 Qd6 16.Nh4 Nc6 17.Nxc6 bxc6 18.f4 Rfe8 19.h3 h6 20.Qc3 Re3 21.Nxg6
fxg6 22.Qxc6 Qxc6 23.Rxc6 Rxd3 24.g4 Rb8 25.Rf2 Rd1+ 26.Kh2 Rb1 27.Rxa6 
Ne4 28.Bxe4 dxe4 29.Re6 R1xb2 30.Rxb2 Rxb2+ 31.Kg3 Rb4 32.a5 Kf7 33.Rb6 
Ra4 34.a6 Ra3+ 35.Kg2 Ra2+ 36.Kf1 Rh2 37.a7 Ra2 38.Rb7+ Kf6 39.h4 {=} 
    ( 39.Ke1 $16 )
39...g5 40.fxg5+ hxg5 41.h5 Ke5 42.Rxg7 Ra1+ 43.Ke2 Ra2+ 44.Ke3 Ra3+ 45.
Kd2 e3+ 46.Ke2 Kd4 47.h6 
    ( 47.Rd7+ Ke4 48.Re7+ Kf4 49.h6 Ra2+ 50.Kd3 Rd2+ 51.Kc4 Rc2+ 52.Kb5 )
47...Ra2+ 48.Kf3 Rf2+ 49.Kg3 Rf8 50.h7 e2 51.Re7 Kd3 52.Rd7+ Ke3 53.Re7+ 
1/2-1/2

[Event "icn3g3r1,Tournefeuille-Beziers"]
[Site "?"]
[Date "2003.10.12"]
[Round "?"]
[White "Pascal-Mousselard, Philippe"]
[Black "Laurain, Dominique"]
[Result "0-1"]
[WhiteElo "1940"]
[BlackElo "2060"]
[EventDate "2003.11.21"]
[PlyCount "96"]

1.b3 Nf6 2.Bb2 e6 3.e3 b6 4.Nf3 Bb7 5.Be2 Bd6 6.d4 O-O 7.Nbd2 Ne4 8.O-O f6
9.a3 Nxd2 10.Qxd2 Be4 11.c4 Be7 12.Rfd1 d6 13.Rac1 Nd7 14.Ne1 e5 15.f3 Bg6
16.Nd3 c5 17.Qe1 Qc7 18.Qg3 Rad8 19.Rf1 Rfe8 20.d5 f5 21.Nf2 Bf6 22.e4 Nf8
23.exf5 Bxf5 24.Ne4 Ng6 25.Nxf6+ gxf6 26.Rce1 Qg7 27.Bc1 Re7 28.Kh1 Rde8 
29.Bd2 Nf4 30.Qxg7+ Kxg7 31.g3 Nxe2 32.Rxe2 Bd3 33.Rff2 Bxe2 34.Rxe2 e4 
35.f4 h5 36.Kg2 Kg6 37.Kh3 e3 38.Bc3 Kf5 39.Kg2 Re4 40.Kf3 a6 41.h3 b5 42.
cxb5 axb5 43.Bb2 Kg6 44.Bc1 Rd4 45.Rxe3 Rxe3+ 46.Kxe3 Rxd5 47.Bb2 f5 48.
Ke2 c4 0-1